[Event "IND-ch 44th"]
[Site "Atul"]
[Date "2006.12.28"]
[Round "12"]
[White "Parikh, Valay"]
[Black "Karavade, Eesha"]
[Result "1-0"]
[WhiteElo "2394"]
[BlackElo "2321"]
[PlyCount "107"]
[EventDate "2006.12.18"]
[EventType "swiss"]
[EventRounds "13"]
[EventCountry "IND"]
[SourceTitle "CBM 115 Extra"]
[Source "ChessBase"]
[SourceDate "2007.01.10"]
[SourceVersion "1"]
[SourceVersionDate "2007.01.10"]
[SourceQuality "1"]

1. e4 c5 2. Nf3 d6 3. Bb5+ Nd7 4. 0-0 Ngf6 5. Re1 a6 6. Bxd7+ Nxd7 7. b3 e5 8. c3 Be7 9. d4 0-0 10. dxe5 Nxe5 11. Nxe5 dxe5 12. Qe2 b5 13. c4 Be6 14. Bb2 bxc4 15. bxc4 Qb8 16. Nc3 Bxc4 17. Qxc4 Qxb2 18. Rab1 Qa3 19. Nd5 Bg5 20. g3 h5 21. h4 Bh6 22. Kg2 Rae8 23. Red1 Kh8 24. Rd3 Qa5 25. Rb7 Rb8 26. Rdb3 Rxb7 27. Rxb7 Qe1 28. Nc3 Kg8 29. Qxc5 f5 30. Qc4+ Kh7 31. exf5 Rxf5 32. Ne4 Rf8 33. Qd3 Kh8 34. Rb6 Kg8 35. Rxa6 Bc1 36. Rb6 Qa5 37. Rc6 Bh6 38. Qc4+ Kh7 39. Rc5 Qe1 40. Qd3 Kh8 41. a4 Qb4 42. Rxe5 Qxa4 43. Rxh5 Qa2 44. Qd6 Qf7 45. Qd1 Qe6 46. Qd3 Qf7 47. Rb5 Qg6 48. Rd5 Qb6 49. Rd6 Qb8 50. Qd4 Kh7 51. Rd7 Qa8 52. Qd5 Qa4 53. Rc7 Qa3 54. Nd6 1-0

[Event "IND-ch 44th"]
[Site "Atul"]
[Date "2006.12.27"]
[Round "11"]
[White "Abhishek, Das"]
[Black "Parikh, Valay"]
[Result "1/2-1/2"]
[WhiteElo "2307"]
[BlackElo "2394"]
[PlyCount "116"]
[EventDate "2006.12.18"]
[EventType "swiss"]
[EventRounds "13"]
[EventCountry "IND"]
[SourceTitle "CBM 115 Extra"]
[Source "ChessBase"]
[SourceDate "2007.01.10"]
[SourceVersion "1"]
[SourceVersionDate "2007.01.10"]
[SourceQuality "1"]

1. e4 c6 2. d4 d5 3. exd5 cxd5 4. c4 Nf6 5. Nc3 e6 6. Nf3 Bb4 7. Bd3 Nc6 8. 0-0 dxc4 9. Bxc4 0-0 10. a3 Be7 11. Bg5 b6 12. Qd3 Bb7 13. Rad1 Nd5 14. Bxd5 Bxg5 15. Be4 h6 16. Qe2 Bf6 17. Bb1 Ne7 18. Ne5 g6 19. Ba2 Nd5 20. f4 Rc8 21. Ne4 Bg7 22. g4 Ne7 23. Nc3 Qc7 24. Nb5 Ba6 25. Bc4 Qd8 26. a4 Nd5 27. Bd3 Qe7 28. Kh1 Bb7 29. Be4 a6 30. Na3 Qb4 31. Nac4 b5 32. Nb6 bxa4 33. Nxc8 Rxc8 34. Bg2 Qb3 35. Rd3 Qc2 36. Rd2 Qb3 37. Rd3 Qb5 38. Qd2 Nb4 39. Bxb7 Qxb7+ 40. Rdf3 Rc2 41. Qd1 Qd5 42. Nd3 Rc4 43. Nxb4 Rxb4 44. f5 Rxd4 45. Qc2 exf5 46. gxf5 g5 47. f6 Bxf6 48. Qf5 Qxf5 49. Rxf5 Bg7 50. Rxf7 Kh7 51. Ra7 Kg6 52. Rxa6+ Kh5 53. Ra1 Be5 54. Ra5 Re4 55. Rxe5 Rxe5 56. Rxa4 Re1+ 57. Kg2 Re2+ 58. Kg3 Rxb2 1/2-1/2

[Event "IND-ch 44th"]
[Site "Atul"]
[Date "2006.12.26"]
[Round "10"]
[White "Parikh, Valay"]
[Black "Girinath, PDS"]
[Result "0-1"]
[WhiteElo "2394"]
[BlackElo "2344"]
[PlyCount "74"]
[EventDate "2006.12.18"]
[EventType "swiss"]
[EventRounds "13"]
[EventCountry "IND"]
[SourceTitle "CBM 115 Extra"]
[Source "ChessBase"]
[SourceDate "2007.01.10"]
[SourceVersion "1"]
[SourceVersionDate "2007.01.10"]
[SourceQuality "1"]

1. Nf3 Nf6 2. g3 g6 3. b4 Bg7 4. Bb2 d6 5. Bg2 e5 6. d3 0-0 7. 0-0 a5 8. b5 Nbd7 9. Nfd2 Re8 10. Re1 Nc5 11. e3 Bg4 12. Qc1 Qd7 13. a4 Bh3 14. Bh1 d5 15. Nf3 e4 16. dxe4 dxe4 17. Nd4 Qd5 18. Nc3 Qh5 19. Nce2 g5 20. f3 exf3 21. Nxf3 Bg4 22. Rf1 Bh3 23. Rd1 Bg4 24. Rf1 Rad8 25. Bd4 Ne6 26. Bb2 Ne4 27. Bxg7 Nxg7 28. Ned4 Rd6 29. Qe1 Rh6 30. Bg2 c5 31. bxc6 bxc6 32. h4 c5 33. Nxg5 Nxg5 34. hxg5 Qh2+ 35. Kf2 cxd4 36. e4 Bh3 37. Rg1 Rhe6 0-1

[Event "IND-ch 44th"]
[Site "Atul"]
[Date "2006.12.19"]
[Round "2"]
[White "Parikh, Valay"]
[Black "Barua, Dibyendu"]
[Result "0-1"]
[WhiteElo "2394"]
[BlackElo "2471"]
[PlyCount "100"]
[EventDate "2006.12.18"]
[EventType "swiss"]
[EventRounds "13"]
[EventCountry "IND"]
[SourceTitle "CBM 115 Extra"]
[Source "ChessBase"]
[SourceDate "2007.01.10"]
[SourceVersion "1"]
[SourceVersionDate "2007.01.10"]
[SourceQuality "1"]

1. e4 e6 2. b3 d5 3. Bb2 dxe4 4. Nc3 f5 5. f3 Bd6 6. g3 exf3 7. Nxf3 Nf6 8. Qe2 Nc6 9. 0-0-0 a6 10. d4 Qe7 11. Bg2 0-0 12. Ne5 Nb4 13. Rhe1 Nbd5 14. Nb1 Ne4 15. Bxe4 fxe4 16. Qxe4 Rf2 17. Re2 Qg5+ 18. Nd2 Rxe2 19. Qxe2 Bxe5 20. Qxe5 Qxe5 21. dxe5 Bd7 22. Ba3 Nc3 23. Re1 b6 24. Re3 Nb5 25. Rd3 Bc6 26. Bb4 a5 27. Be7 Kf7 28. Bd8 Ke8 29. Bh4 a4 30. c4 axb3 31. axb3 Na7 32. b4 h6 33. g4 b5 34. g5 hxg5 35. Bxg5 bxc4 36. Nxc4 Nb5 37. Kb2 Bd5 38. Na3 Ra4 39. Bd2 Na7 40. Rg3 Kf7 41. Rg4 Nc6 42. Bc3 Ne7 43. Nb5 c6 44. Nd6+ Kf8 45. Rf4+ Kg8 46. Kc2 c5 47. Rg4 Nc6 48. Ne8 cxb4 49. Rxg7+ Kf8 50. Bb2 Kxe8 0-1

[Event "Asia-ch 5th"]
[Site "Hyderabad"]
[Date "2005.10.13"]
[Round "7"]
[White "Parikh, Valay"]
[Black "Iuldachev, Saidali"]
[Result "1-0"]
[WhiteElo "2372"]
[BlackElo "2543"]
[PlyCount "85"]
[EventDate "2005.10.05"]
[EventType "swiss"]
[EventRounds "9"]
[EventCountry "IND"]
[SourceTitle "CBM 110"]
[Source "ChessBase"]
[SourceDate "2006.01.31"]
[SourceVersion "1"]
[SourceVersionDate "2006.01.31"]
[SourceQuality "1"]

1. e4 e5 2. Bc4 Nf6 3. d3 c6 4. Nf3 Be7 5. 0-0 d6 6. Re1 0-0 7. c3 Nbd7 8. Bb3 h6 9. d4 Re8 10. Nbd2 Bf8 11. a4 b6 12. Qc2 Bb7 13. Nf1 b5 14. Ng3 a6 15. Ba2 Qc7 16. b3 d5 17. dxe5 Nxe5 18. Nxe5 Qxe5 19. f4 Bc5+ 20. Kh1 Qe7 21. e5 Ng4 22. Nf5 Qf6 23. Re2 Qg6 24. Bb1 Bc8 25. Nd4 Qxc2 26. Bxc2 b4 27. Bb2 bxc3 28. Bxc3 f6 29. h3 fxe5 30. hxg4 Bxg4 31. Rxe5 Bd6 32. Rxe8+ Rxe8 33. Re1 Rf8 34. f5 c5 35. Ne6 Re8 36. Bxg7 h5 37. Be5 Be7 38. Nc7 Rf8 39. Nxd5 Bh4 40. Rf1 Be2 41. Rf4 Bg3 42. Re4 Rxf5 43. Ne7+ 1-0

[Event "Asia-ch 5th"]
[Site "Hyderabad"]
[Date "2005.10.12"]
[Round "6"]
[White "Satyapragyan, Swayangsu"]
[Black "Parikh, Valay"]
[Result "0-1"]
[WhiteElo "2411"]
[BlackElo "2372"]
[PlyCount "98"]
[EventDate "2005.10.05"]
[EventType "swiss"]
[EventRounds "9"]
[EventCountry "IND"]
[SourceTitle "CBM 110"]
[Source "ChessBase"]
[SourceDate "2006.01.31"]
[SourceVersion "1"]
[SourceVersionDate "2006.01.31"]
[SourceQuality "1"]

1. e4 c6 2. d4 d5 3. e5 Bf5 4. Be3 Qb6 5. Qc1 e6 6. c4 Nd7 7. c5 Qc7 8. Nc3 f6 9. f4 b6 10. cxb6 axb6 11. Nf3 Nh6 12. h3 Be7 13. g4 Bg6 14. exf6 gxf6 15. f5 Nxf5 16. gxf5 Qg3+ 17. Bf2 Qxf3 18. fxg6 Qxh1 19. Qe3 hxg6 20. Qxe6 Qf3 21. Qxc6 0-0 22. Qxd5+ Qxd5 23. Nxd5 Bd8 24. Bb5 Rf7 25. Kd2 f5 26. Bc4 Kg7 27. Rg1 Nf6 28. Nf4 Ne4+ 29. Ke2 g5 30. h4 g4 31. Bd5 Rc8 32. Bxe4 Re7 33. Nh5+ Kf8 34. Ng3 fxe4 35. Nf5 Rc2+ 36. Kd1 Rxf2 37. Nxe7 Kxe7 38. Rxg4 Rxb2 39. Rxe4+ Kd7 40. a4 Rh2 41. h5 Rxh5 42. Kc2 Rh4 43. Rxh4 Bxh4 44. Kd3 Be1 45. Kc4 Kc6 46. d5+ Kd6 47. Kd4 Ba5 48. Ke4 Kc5 49. Ke5 Be1 0-1

[Event "Asia-ch 5th"]
[Site "Hyderabad"]
[Date "2005.10.08"]
[Round "3"]
[White "Parikh, Valay"]
[Black "Bakre, Tejas"]
[Result "1/2-1/2"]
[WhiteElo "2372"]
[BlackElo "2484"]
[PlyCount "97"]
[EventDate "2005.10.05"]
[EventType "swiss"]
[EventRounds "9"]
[EventCountry "IND"]
[SourceTitle "CBM 110"]
[Source "ChessBase"]
[SourceDate "2006.01.31"]
[SourceVersion "1"]
[SourceVersionDate "2006.01.31"]
[SourceQuality "1"]

1. e4 c5 2. Nf3 Nc6 3. Bb5 Qb6 4. Nc3 e6 5. 0-0 Nge7 6. Bxc6 Nxc6 7. b3 Be7 8. Bb2 0-0 9. e5 d5 10. Ne2 Qc7 11. Ng3 f5 12. Re1 Bd7 13. d4 Be8 14. Ne2 f4 15. Bc1 g5 16. dxc5 Bh5 17. Bb2 Bxf3 18. gxf3 Bxc5 19. Nc1 Rac8 20. h3 Rf5 21. Kg2 Qb6 22. Nd3 Bd4 23. c3 Bxe5 24. Qe2 Re8 25. c4 Bxb2 26. Nxb2 Ne5 27. cxd5 Ng6 28. Nc4 Qc5 29. dxe6 b5 30. Nd2 Re5 31. Ne4 R5xe6 32. Rac1 Qf5 33. Qd3 Nh4+ 34. Kh2 Nxf3+ 35. Qxf3 Rxe4 36. Rxe4 Qxe4 37. Qxe4 Rxe4 38. Rc5 h6 39. Rxb5 Re2 40. Kg2 Rxa2 41. Rb7 a5 42. Kf3 Rb2 43. Rb5 Kg7 44. Rxa5 Rxb3+ 45. Kg4 Rb2 46. h4 gxh4 47. Kxf4 Rb3 48. Ra7+ Kg6 49. Ra6+ 1/2-1/2

[Event "Chennai WinTV op 1st"]
[Site "Chennai"]
[Date "2004.01.31"]
[Round "12"]
[White "Parikh, Valay"]
[Black "Natarajan, C."]
[Result "1-0"]
[WhiteElo "2374"]
[BlackElo "2261"]
[PlyCount "59"]
[EventDate "2004.01.21"]
[EventType "swiss"]
[EventRounds "13"]
[EventCountry "IND"]
[SourceTitle "CBM 098 Extra"]
[Source "ChessBase"]
[SourceDate "2004.03.10"]
[SourceVersion "2"]
[SourceVersionDate "2004.03.10"]
[SourceQuality "1"]

1. e4 e6 2. d4 d5 3. e5 c5 4. c3 Qb6 5. Nf3 Nc6 6. Bd3 Bd7 7. dxc5 Bxc5 8. Qe2 Qc7 9. Nbd2 a6 10. Nb3 Ba7 11. 0-0 Nge7 12. Bf4 Ng6 13. Bg3 Rc8 14. Rae1 Na5 15. Nbd4 Nc6 16. Nb3 Na5 17. h4 Nxb3 18. axb3 Qb6 19. h5 Ne7 20. Nd4 Nc6 21. Qg4 Kf8 22. h6 g6 23. Nf3 Qxb3 24. Qg5 Bc5 25. Qf6 Rg8 26. Ng5 Nd8 27. Nxh7+ Ke8 28. Qg7 Rf8 29. Nxf8 Bxf8 30. Qg8 1-0

[Event "Chennai WinTV op 1st"]
[Site "Chennai"]
[Date "2004.01.29"]
[Round "10"]
[White "Parikh, Valay"]
[Black "Syed Anwar, Shazuli"]
[Result "1-0"]
[WhiteElo "2374"]
[BlackElo "2280"]
[PlyCount "41"]
[EventDate "2004.01.21"]
[EventType "swiss"]
[EventRounds "13"]
[EventCountry "IND"]
[SourceTitle "CBM 098 Extra"]
[Source "ChessBase"]
[SourceDate "2004.03.10"]
[SourceVersion "2"]
[SourceVersionDate "2004.03.10"]
[SourceQuality "1"]

1. Nf3 d5 2. g3 Nf6 3. Bg2 Bf5 4. 0-0 h6 5. c4 e6 6. Qb3 Qc8 7. Nc3 c6 8. d3 Nbd7 9. cxd5 exd5 10. e4 dxe4 11. dxe4 Be6 12. Qc2 Be7 13. Nd4 Ne5 14. f4 Nc4 15. b3 Na3 16. Bxa3 Bxa3 17. f5 Qd8 18. Rad1 Bc8 19. e5 Nd5 20. Bxd5 cxd5 21. b4 1-0

[Event "IND-chB"]
[Site "Jamshedpur"]
[Date "2000.10.12"]
[Round "3"]
[White "Prakash, GB."]
[Black "Parikh, Valay"]
[Result "1/2-1/2"]
[WhiteElo "2429"]
[BlackElo "2270"]
[PlyCount "53"]
[EventDate "2000.10.??"]
[EventType "swiss"]
[EventRounds "13"]
[EventCountry "IND"]
[SourceTitle "EXT 2002"]
[Source "ChessBase"]
[SourceDate "2001.11.25"]
[SourceVersion "1"]
[SourceVersionDate "2001.11.25"]
[SourceQuality "1"]

1. d4 d5 2. c4 Bf5 3. Nc3 e6 4. Bf4 Nc6 5. e3 Nf6 6. Nf3 Be7 7. h3 0-0 8. Be2 dxc4 9. Bxc4 Nb4 10. 0-0 Nbd5 11. Bh2 c5 12. Qb3 Nxc3 13. bxc3 Be4 14. Nd2 cxd4 15. cxd4 Bd5 16. Rfc1 Bd6 17. Bxd6 Qxd6 18. Bxd5 Qxd5 19. Rc7 Qa5 20. Rc2 b6 21. Rac1 Qa6 22. Qc4 Qb7 23. Nf3 b5 24. Qc7 Qxc7 25. Rxc7 Nd5 26. Rd7 b4 27. Rc5 1/2-1/2

[Event "Salem op"]
[Site "Salem"]
[Date "2000.??.??"]
[Round "8"]
[White "Safira, Shahnaz"]
[Black "Parikh, Valay"]
[Result "0-1"]
[WhiteElo "2136"]
[BlackElo "2190"]
[PlyCount "84"]
[EventDate "2000.05.??"]
[EventType "swiss"]
[EventRounds "11"]
[EventCountry "IND"]
[SourceTitle "EXT 2001"]
[Source "ChessBase"]
[SourceDate "2000.11.22"]
[SourceVersion "1"]
[SourceVersionDate "2000.11.22"]
[SourceQuality "1"]

1. d4 d5 2. c4 c6 3. Nf3 Nf6 4. Nc3 dxc4 5. a4 Bg4 6. Ne5 Bh5 7. g3 e6 8. Bg2 Bb4 9. 0-0 Nd5 10. Qc2 a5 11. Nxc4 Nb6 12. Nxb6 Qxb6 13. Be3 Qa6 14. f3 Bg6 15. Qb3 0-0 16. Bf2 Nd7 17. e4 Nb6 18. Rfd1 Nd7 19. Bf1 Qa7 20. Ne2 c5 21. d5 exd5 22. exd5 Ne5 23. Nf4 c4 24. Bxa7 cxb3 25. Nxg6 Nxf3+ 26. Kg2 hxg6 27. Bb6 Ne5 28. Bb5 Rac8 29. d6 Rc2+ 30. Kf1 Rxh2 31. d7 Be7 32. d8Q Bxd8 33. Rxd8 Rxd8 34. Bxd8 Rh1+ 35. Ke2 Rxa1 36. Bxa5 Nc4 37. Bc3 Nxb2 38. Bxb2 Ra2 39. Kd3 Rxb2 40. Kc3 Rg2 41. Kxb3 Rxg3+ 42. Kc4 Rg5 0-1

[Event "Commonwealth-ch"]
[Site "India"]
[Date "1999.??.??"]
[Round "?"]
[White "Parikh, Valay"]
[Black "Roktim, Bandyopadhyay"]
[Result "1-0"]
[WhiteElo "2155"]
[BlackElo "2375"]
[PlyCount "117"]
[EventDate "1999.??.??"]
[EventType "swiss"]
[EventRounds "10"]
[EventCountry "IND"]
[SourceTitle "EXT 2002"]
[Source "ChessBase"]
[SourceDate "2001.11.25"]
[SourceVersion "1"]
[SourceVersionDate "2001.11.25"]
[SourceQuality "1"]

1. e4 e5 2. Bc4 Nf6 3. d3 Nc6 4. Nc3 Bb4 5. Nge2 d5 6. exd5 Nxd5 7. 0-0 Be6 8. Bxd5 Bxd5 9. f4 Qd7 10. fxe5 0-0-0 11. Nf4 Bxc3 12. bxc3 Nxe5 13. Be3 a6 14. Bd4 Ng6 15. Qh5 f6 16. Nxg6 hxg6 17. Qxg6 Rh6 18. Qf5 Rdh8 19. h3 Be6 20. Qe4 Bd5 21. Qf5 Be6 22. Qe4 Bxh3 23. gxh3 Qxh3 24. Kf2 Rh4 25. Qe3 Qh2+ 26. Ke1 Qxc2 27. Qe2 Qa4 28. Kd2 Re8 29. Qf2 Qa3 30. Rac1 Reh8 31. Qf5+ Kb8 32. Rc2 Rh2+ 33. Rf2 R2h5 34. Qd7 c5 35. Qd6+ Ka8 36. Be3 Qa5 37. Rb2 Rd8 38. Qb6 Qxb6 39. Rxb6 Rhd5 40. d4 cxd4 41. Bxd4 R8d6 42. Rxd6 Rxd6 43. Kd3 Kb8 44. Rg2 Rd7 45. a4 Kc7 46. Kc4 Kd6 47. Re2 Rc7+ 48. Kd3 Rf7 49. c4 g5 50. c5+ Kd5 51. Re8 f5 52. Rg8 Rh7 53. Rd8+ Kc6 54. Rd6+ Kc7 55. Rf6 f4 56. Rf5 Rh3+ 57. Kc4 Rg3 58. Bf6 f3 59. Be5+ 1-0